00818nam a22001937a 4500003000200000005001700002008004100019050002300060100002600083245012100109260007100230300002800301500003600329504005600365650005300421650005900474650006400533700002700597020250215142447.0250215b xxu||||| |||| 00| 0 eng d aG 156.5b.M37 2023 aMas, Mariane Jasmine  aMotivational factors of filipinos in domestic travel as basis for viable ecotourism strategies cMariane Jasmine Mas aLas Pinas CitybSouthville International School and Collegesc2023 aviii, 137 pages;c28cm. aBachelor of Science in Tourism  aIncludes bibliographical references and appendices. aDomestic tourism – Motivation – Philippines. aEcotourism – Sustainable strategies – Philippines. aTourist behavior – Psychological aspects – Philippines. aSilvestre, Alexei John